| 000 | 00879nab a2200253 u 4500 | ||
|---|---|---|---|
| 001 | 17275 | ||
| 003 | HDC | ||
| 007 | cr bn ---aaaaa | ||
| 008 | 210223c20101219xx dr|noo 0 a eng d | ||
| 040 | _aHDC | ||
| 100 |
_aSubramaniam, V. Sankara _eauthor _916749 |
||
| 245 | 0 |
_aMalaysia: Indian Companies To Undertake Research In Malaysia / by _cV. Sankara Subramaniam |
|
| 260 |
_a[No place] : _b[publisher not identified], _c2010 |
||
| 336 |
_atext _2rdacontent |
||
| 337 |
_acomputer _2rdamedia |
||
| 338 |
_aonline resource _2rdacarrier |
||
| 650 |
_aHealth products _96116 |
||
| 650 |
_aPharmaceuticals _94568 |
||
| 710 | _aHalal Focus | ||
| 856 | _zRequest full-text at [email protected] | ||
| 942 | _2lcc | ||
| 942 | _cNEWS | ||
| 942 | _kNWSO 005874 | ||
| 999 |
_c14591 _d14591 |
||